000 00444nam a2200181Ia 4500
001 16559
005 20260306170318.0
008 260306t2017||||xx |||||||||||||| ||und||
041 _aESP
082 _a348.62
_bJ54
100 _aJiménez Coronado, Ludmin Gustavo
_eAUT
245 0 _aSunafil:
_bfiscalización laboral
260 _c2017
300 _a425 páginas :
_c25 cm.
650 _aGEN
654 _aCDE
942 _cLIB
_dJUS
_fJUS
_2ddc
_n
999 _c16559
_d16559